LDR 00762nam a2200193 4500 001 000000366793 003 CaOOAMICUS 005 20260309155926.0 008 260309s1890 it 000 u lat r 040 $aSeMil$bita 100 1 $aDezulovic, A.$0(OLS)http://semarc/name/123906 245 10$aDignitas S. Joseph Vindicata /$cauctore A. Dezulovic sacerdote ragusino. 264 1$aJaderae :$bEx litho-typographia Vitaliani,$c1890. 300 $a52 p. ;$c23 cm 850 $aSeMil 852 $aSeMil$W1$xVenegono$y1$m5C IX 1/6$j268177$B257571$CSeMilBibl$Z2$F257571 $8I 996 $6245$aDignitas S. Joseph Vindicata$9(OLS)http://semarc/title/458584 996 $6264$aJaderae :$bEx litho-typographia Vitaliani$9(OLS)http://semarc/publisher/62939